Revista Jurd̕ica sobre Consumidores y Usuarios

Detalles Bibliográficos
Formato: eBook
Lenguaje:español
Materias:
Acceso en línea:Acceso restringido

MARC

LEADER 00000nam a22000007a 4500
005 20180523164025.0
007 cr|||| ||||
008 180523c20189999sp z||| s|||| 0|||b1spa d
022 |a 2604-3998 
035 |a 21552 
040 |a vLex 
090 |c 7991  |d 7991 
245 0 0 |a Revista Jurd̕ica sobre Consumidores y Usuarios  |h [Recurso electrn̤ico] 
256 |a Servicio en ln̕ea 
300 |a 1 recurso electrn̤ico 
362 |a Nm︢. 1 (2018) -  
506 |a Contenido solo disponible en los productos indicados  |d vLex Global  |d vLex Global (Academic Edition, excluding Law Schools)  |d vLex Global (U.S. Academic Edition, Law Schools)  |d vLex Global (U.S. Academic Edition, excluding Law Schools)  |d vLex Global (Academic Edition, Law Schools) 
650 0 4 |a Consumidores  |z Espaą 
740 0 |a vLex Revistas (Servicio en ln̕ea) 
856 4 0 |u http://vlex.com/source/21552  |z Acceso restringido 
942 |c REV 
999 0 |a Consumers